000 00466nam a2200181 a 4500
001 1770972691462
003 YourLibrary
005 20260213142431.0
008 260213s2005##################000#0#eng##
020 _a9780333968949
082 0 4 _a305.5
_bDEV
100 1 _aDevine, Fiona,
_eauthor.
245 1 0 _aRethinking Class :
260 _bRed Globe Press,
_c2005.
650 0 _aPolitical Science.
942 _cENGLISH
040 _aYourLibrary
_beng
_cYourLibrary
999 _c612363
_d612363